000 00491nam a2200181Ia 4500
008 100917s9999 xx 000 0 und d
082 _b49743
100 _aकाळे विमल
245 _aमुकुलिता
260 _bइंद्रायणी साहित्य
_c1980
300 _a60
365 _b8
520 _aकविता
630 _aमुकुलिता
650 _aकविता
730 _aमुकुलिता
942 _cBOOK
999 _c655137
_d655134